| 000 | 00698cam a2200217 4500 | ||
|---|---|---|---|
| 999 |
_c1640 _d1640 |
||
| 001 | 475 | ||
| 003 | BD-DhUAP | ||
| 005 | 20210123131219.0 | ||
| 008 | 200211s1969 ohu 001 0 eng | ||
| 040 |
_aBD-DhUAP _cBD-DhUAP _dBD-DhUAP _bEng |
||
| 082 | 0 | 0 |
_a340.0973 AND _223 |
| 100 | 1 | _aAnderson, Ronald A. | |
| 245 | 1 | 0 |
_aSocial forces and the law; _ba guide for the businessman and the citizen _cRonald A. Anderson. |
| 260 |
_aCincinnati, _bSouth-western Pub. Co., _cc1969. |
||
| 300 |
_axiv, 594 pages ; _c24 cm. |
||
| 500 | _aIncludes index. | ||
| 650 | 0 |
_aCommercial law _zUnited States. |
|
| 650 | 0 |
_aLaw _zUnited States. |
|
| 906 |
_a7 _bcbc _corignew _du _encip _f19 _gy-gencatlg |
||
| 942 |
_2ddc _cBK |
||